| 000 | 00681nam a2200217Ii 4500 | ||
|---|---|---|---|
| 003 | JO-AjNU | ||
| 008 | 230606s9999||||xx |||||||||||||| ||und|| | ||
| 020 | _a0-471-52423-9 | ||
| 040 |
_aJO-AjNU _beng _erda _cJO-AjNU |
||
| 041 | _aeng | ||
| 050 | 1 | 4 | _aHF5667.T295 1991 |
| 100 | 3 |
_aTAYLOR, DONALD H; G. WILLIAM GLEZEN, _eauthor _96819 |
|
| 245 | 0 | 0 | _aAUDITING INTERATED CONCEPTS AND PROCEDURES |
| 250 | _a5th ed | ||
| 264 | 3 | 1 | _aNew york: john wiley& Sons, Incorporated, 1991 |
| 300 | _a608P | ||
| 336 |
_atext _btxt _2rdacontent |
||
| 337 |
_aunmediated _bn _2rdamedia |
||
| 338 |
_avolume _bnc _2rdacarrier |
||
| 650 | 4 |
_aAuditing-Data processing-Sampling (Statistics) _96820 |
|
| 999 |
_aE3553 _c3534 _d3534 |
||